Reseña arqueológica de San Agustín / (Registro nro. 3450)
[ vista simple ]
| 000 -LEADER | |
|---|---|
| fixed length control field | 01028nam a2200229Ia 4500 |
| 003 - CONTROL NUMBER IDENTIFIER | |
| control field | OSt |
| 005 - DATE AND TIME OF LATEST TRANSACTION | |
| control field | 20200924121328.0 |
| 008 - FIXED-LENGTH DATA ELEMENTS--GENERAL INFORMATION | |
| fixed length control field | 191128s1960 ck ao gr 000 0 spa d |
| 040 ## - CATALOGING SOURCE | |
| Original cataloging agency | CO-JMCR |
| Transcribing agency | CO-JMCR |
| 041 0# - LANGUAGE CODE | |
| Language code of text/sound track or separate title | spa |
| 082 04 - DEWEY DECIMAL CLASSIFICATION NUMBER | |
| Classification number | 571.0986 / |
| Item number | D946r |
| Edition number | 23 |
| 100 1# - MAIN ENTRY--PERSONAL NAME | |
| Personal name | Duque Gómez, Luis, |
| Dates associated with a name | 1916-2000, |
| Relator term | autor |
| 9 (RLIN) | 10803 |
| 245 10 - TITLE STATEMENT | |
| Title | Reseña arqueológica de San Agustín / |
| Statement of responsibility, etc. | Luis Duque Gómez |
| 260 ## - PUBLICATION, DISTRIBUTION, ETC. | |
| Place of publication, distribution, etc. | Bogotá : |
| Name of publisher, distributor, etc. | Librería voluntad, |
| Date of publication, distribution, etc. | 1960. |
| 300 ## - PHYSICAL DESCRIPTION | |
| Extent | 119 páginas : |
| Other physical details | fotografías en blanco y negro (1 plegado) ; |
| Dimensions | 19 cm. |
| 500 ## - GENERAL NOTE | |
| General note | Incluye referencias bibliográficas. |
| 505 0# - FORMATTED CONTENTS NOTE | |
| Formatted contents note | Ambiente e historia -- El pueblo escultor -- Religión mitología -- Relaciones entre la cultura de San Agustín y la de otros países de América -- La edad de la cultura de San Agustín |
| 650 24 - SUBJECT ADDED ENTRY--TOPICAL TERM | |
| Topical term or geographic name entry element | Arqueología |
| Geographic subdivision | San Agustín (Huila, Colombia) |
| 9 (RLIN) | 10804 |
| 650 24 - SUBJECT ADDED ENTRY--TOPICAL TERM | |
| Topical term or geographic name entry element | Antigüedades |
| Geographic subdivision | San Agustín (Huila, Colombia) |
| 9 (RLIN) | 10805 |
| 650 24 - SUBJECT ADDED ENTRY--TOPICAL TERM | |
| Topical term or geographic name entry element | Descubrimientos arqueológicos |
| Geographic subdivision | San Agustín (Huila, Colombia) |
| 9 (RLIN) | 10806 |
| 942 ## - ADDED ENTRY ELEMENTS (KOHA) | |
| Source of classification or shelving scheme | Dewey Decimal Classification |
| Koha item type | Books |
| Withdrawn status | Lost status | Source of classification or shelving scheme | Materials specified (bound volume or other part) | Damaged status | Not for loan | Home library | Current library | Shelving location | Date acquired | Source of acquisition | Total Checkouts | Total Renewals | Full call number | Barcode | Date last seen | Date last checked out | Copy number | Price effective from | Koha item type |
|---|---|---|---|---|---|---|---|---|---|---|---|---|---|---|---|---|---|---|---|
| Dewey Decimal Classification | Donación--12/04/2018-- | Biblioteca Pública José María del Castillo y Rada | Biblioteca Pública José María del Castillo y Rada | General Stacks | 11/28/2019 | Donación | 7 | 1 | 571.0986 / D946r | 201807302 | 02/25/2026 | 02/25/2026 | Ej.1 | 11/28/2019 | Books |